| 000 | 00418nam a2200145 i 4500 | ||
|---|---|---|---|
| 001 | 74931 | ||
| 003 | ES-MaACL | ||
| 007 | t| | ||
| 008 | 040921s1974 sp ||||1| spa d | ||
| 100 | 1 |
_aGonzález del Valle, Máximo. _958595 |
|
| 245 | 1 | 0 |
_aTorre de amor / _cMáximo González del Valle. |
| 260 |
_a[S.l. : _bs.n., _c1974] ( _ePalencia : _fMerino) |
||
| 300 |
_a94 p. ; _c22 cm. |
||
| 852 |
_aES-MaACL _jE-6556 _bR.90874 |
||
| 999 |
_c74931 _d74931 |
||